| 000 | 00522cam a2200181 4500 | ||
|---|---|---|---|
| 001 | D15376 | ||
| 008 | 090401t1966 xxu||||| |||| 00| 0 eng d | ||
| 035 | _a(Sirsi) u22317 | ||
| 041 | _aeng | ||
| 110 |
_aCharterted Auctioneers` _91036 |
||
| 245 | _aExamination questions: first, intermediate final and direct final: urban and rural sections general sylabus | ||
| 260 |
_bCAEAT _c1966 |
||
| 350 | _a0 | ||
| 520 | _aFiled in box 1966/9A | ||
| 710 |
_aEstate Agents Institute _91038 |
||
| 942 | _n0 | ||
| 948 | _c04/03/1997 | ||
| 999 |
_c88166 _d88166 |
||